<?xml version="1.0" encoding="UTF-8"?>
<collection xmlns="http://www.loc.gov/MARC21/slim">
<record>
  <controlfield tag="001">154721</controlfield>
  <controlfield tag="005">20250513101710.0</controlfield>
  <datafield tag="037" ind1=" " ind2=" ">
    <subfield code="a">TAZ-TFG-2023-2728</subfield>
  </datafield>
  <datafield tag="041" ind1=" " ind2=" ">
    <subfield code="a">spa</subfield>
  </datafield>
  <datafield tag="100" ind1="1" ind2=" ">
    <subfield code="a">Roman, Denisa Maria</subfield>
  </datafield>
  <datafield tag="242" ind1="0" ind2="0">
    <subfield code="a">CORNEOSCLERAL JUNCTION ANGLE CHANGES FOLLOWING SOFT CONTACT LENS WEAR OF DIFFERENT MATERIALS</subfield>
  </datafield>
  <datafield tag="245" ind1="0" ind2="0">
    <subfield code="a">INFLUENCIA EN EL ÁNGULO CORNEO-ESCLERAL DE PORTAR LENTES DE CONTACTO BLANDAS DE DIFERENTES MATERIALES</subfield>
  </datafield>
  <datafield tag="260" ind1=" " ind2=" ">
    <subfield code="a">Zaragoza</subfield>
    <subfield code="b">Universidad de Zaragoza</subfield>
    <subfield code="c">2023</subfield>
  </datafield>
  <datafield tag="506" ind1=" " ind2=" ">
    <subfield code="a">by-nc-sa</subfield>
    <subfield code="b">Creative Commons</subfield>
    <subfield code="c">3.0</subfield>
    <subfield code="u">http://creativecommons.org/licenses/by-nc-sa/3.0/</subfield>
  </datafield>
  <datafield tag="520" ind1=" " ind2=" ">
    <subfield code="a">Propósito: Cuantificar objetivamente las alteraciones que se producen en el ángulo corneo-escleral como consecuencia del uso de lentes de contacto blandas (LC) de diferentes materiales.&lt;br />Métodos: 22 participantes (22 ojos) sanos usaron lentes de contacto blandas de hidrogel de silicona (HiSi) e hidrogel (Hi) durante 8 horas. Las lentes comerciales utilizadas en este estudio fueron la lente MyDay (HiSi) y Biomedics (Hi) fabricados por la casa comercial CooperVision. Este estudio se llevó a cabo durante dos días. En cada sesión, se obtuvieron mapas topográficos corneo-esclerales 3D del ojo izquierdo de cada participante utilizando el Eye Surface Profiler (ESP) de Eaglet Eye (Houten, Países Bajos). El ángulo corneo-escleral se calculó utilizando un algoritmo automático y validado previamente para investigar el efecto del uso de la lente de contacto a corto plazo en dicho parámetro. El estudio se realizó globalmente y por sectores y dependiendo del material de la lente de contacto empleado.&lt;br />Resultados: El uso de lentes de contacto blandas a corto plazo aumenta significativamente el ángulo esclero-corneal (HiSi: 0,57 ± 0,36°, Hi: 0,55 ± 0,4°) todos p&lt;0,05. Existe una diferencia estadísticamente significativa entre sectores en el ángulo esclero-corneal antes del uso de la LC que permanece después del uso de la misma (todas las comparaciones por pares, p&lt;0,001). No hubo predominio de un material sobre otro en el ángulo esclero-corneal.&lt;br />Conclusiones: Los parámetros del perfil corneo-escleral (ángulo esclero-corneal) se alteran después de 8 horas de uso de lente de contacto blanda independiente del material de la propia lente de contacto.&lt;br />Palabras clave: lentes de contacto blandas, topógrafo corneo-escleral, ángulo corneo-escleral.&lt;br />&lt;br /></subfield>
  </datafield>
  <datafield tag="521" ind1=" " ind2=" ">
    <subfield code="a">Graduado en Óptica y Optometría</subfield>
  </datafield>
  <datafield tag="540" ind1=" " ind2=" ">
    <subfield code="a">Derechos regulados por licencia Creative Commons</subfield>
  </datafield>
  <datafield tag="700" ind1=" " ind2=" ">
    <subfield code="a">Consejo Vaquero, Alejandra</subfield>
    <subfield code="e">dir.</subfield>
  </datafield>
  <datafield tag="700" ind1=" " ind2=" ">
    <subfield code="a">Remón Martín, Laura</subfield>
    <subfield code="e">dir.</subfield>
  </datafield>
  <datafield tag="710" ind1="2" ind2=" ">
    <subfield code="a">Universidad de Zaragoza</subfield>
    <subfield code="b"> </subfield>
    <subfield code="c"></subfield>
  </datafield>
  <datafield tag="856" ind1="0" ind2=" ">
    <subfield code="f">801493@unizar.es</subfield>
  </datafield>
  <datafield tag="856" ind1="4" ind2=" ">
    <subfield code="s">1988220</subfield>
    <subfield code="u">http://zaguan.unizar.es/record/154721/files/TAZ-TFG-2023-2728.pdf</subfield>
    <subfield code="y">Memoria (spa)</subfield>
  </datafield>
  <datafield tag="909" ind1="C" ind2="O">
    <subfield code="o">oai:zaguan.unizar.es:154721</subfield>
    <subfield code="p">driver</subfield>
    <subfield code="p">trabajos-fin-grado</subfield>
  </datafield>
  <datafield tag="950" ind1=" " ind2=" ">
    <subfield code="a"></subfield>
  </datafield>
  <datafield tag="980" ind1=" " ind2=" ">
    <subfield code="a">TAZ</subfield>
    <subfield code="b">TFG</subfield>
    <subfield code="c">CIEN</subfield>
  </datafield>
  <datafield tag="999" ind1=" " ind2=" ">
    <subfield code="a">20230614110714.CREATION_DATE</subfield>
  </datafield>
  <datafield tag="951" ind1=" " ind2=" ">
    <subfield code="a">deposita:2025-05-13</subfield>
  </datafield>
</record>
</collection>